000 00619cam a22002053a 4500
001 45625
003 PGUSA
005 20140828084045.0
008 140510s2014||||xxu|||||s|||||000 | eng d
040 _aPGUSA
_beng
042 _adc
100 1 _aRickard, Victor
_cMrs
245 1 4 _aThe Story of the Munsters :
_bat Etreux, Festubert, Rue du Bois and Hulloch
_h[electronic resource] /
_cVictor Rickard
260 _bProject Gutenberg,
_c2014
506 _aPublic domain in the USA.
516 _aElectronic text
830 0 _aProject Gutenberg
_v45625
856 4 0 _uhttp://www.gutenberg.org/ebooks/45625
942 _cEB
999 _c274875
_d274875